000 00373nam a2200157Ia 4500
008 160316s1974 xxu||||| |||| 00| 0 eng d
082 _a341.552000
_bROS
100 _aRosenne Shabtai
245 _aDocuments on the international court of justice
250 _a
260 _aLeiden
_bA W Sijthoff
_c1974
300 _a391
_b
_c
365 _b
650 _a
700 _a
_a
999 _c9554
_d9554